书目信息 |
| 题名: |
最好的疗愈
|
|
| 作者: | 舒尔曼 著 ;金嘉欣 译 | |
| 分册: | ||
| 出版信息: | 北京 机械工业出版社 2020 |
|
| 页数: | 21,233页 | |
| 开本: | 23cm | |
| 丛书名: | ||
| 单 册: | ||
| 中图分类: | R454.3 | |
| 科图分类: | ||
| 主题词: | 音乐疗法 | |
| 电子资源: | ||
| ISBN: | 978-7-111-64344-9 | |
| 000 | 01199nam0 2200289 450 | |
| 001 | 2038361627 | |
| 005 | 20201202103928.60 | |
| 010 | @a978-7-111-64344-9@dCNY69.00 | |
| 100 | @a20200613d2020 em y0chiy50 ea | |
| 101 | 1 | @achi@ceng |
| 102 | @aCN@b110000 | |
| 105 | @ag z 000yy | |
| 200 | 1 | @a最好的疗愈@9zui hao de liao yu@b专著@e当灵魂遇见音乐@dWaking the spirit@ea musician's journey healing body, mind, and soul@f(美)安德鲁·舒尔曼(Andrew Schulman)著@g金嘉欣译@zeng |
| 210 | @a北京@c机械工业出版社@d2020 | |
| 215 | @a21,233页@d23cm | |
| 305 | @a由Picador Press通过Bardon-Chinese Media Agency授权出版 | |
| 306 | @a本书限中国大陆发行 | |
| 330 | @a本书讲述了安德鲁·舒尔曼,一个57岁的专业吉他手,在生命垂危之际被音乐赋予了强大力量而摆脱死亡、重获健康的故事,以及之后他用音乐帮助别人康复的故事。 | |
| 333 | @a大众读者 | |
| 510 | 1 | @aWaking the spirit@ea musician's journey healing body, mind, and soul@zeng |
| 517 | 1 | @a当灵魂遇见音乐@9dang ling hun yu jian yin yue |
| 606 | 0 | @a音乐疗法 |
| 690 | @aR454.3@v5 | |
| 701 | 0 | @c(美)@a舒尔曼@9shu er man@c(Schulman, Andrew)@4著 |
| 702 | 0 | @a金嘉欣@9jin jia xin@4译 |
| 801 | 2 | @aCN@b58marc.cn@c20200630 |
| 905 | @aZUCC@dR454.3@e5 | |
| 最好的疗愈:当灵魂遇见音乐=Waking the spirit:a musician's journey healing body, mind, and soul/(美)安德鲁·舒尔曼(Andrew Schulman)著/金嘉欣译.-北京:机械工业出版社,2020 |
| 21,233页;23cm |
| 使用对象:大众读者 |
| ISBN 978-7-111-64344-9:CNY69.00 |
| 本书讲述了安德鲁·舒尔曼,一个57岁的专业吉他手,在生命垂危之际被音乐赋予了强大力量而摆脱死亡、重获健康的故事,以及之后他用音乐帮助别人康复的故事。 |
| ● |
| 相关链接 |
|
|
|
正题名:最好的疗愈
索取号:R454.3/5
 
预约/预借
| 序号 | 登录号 | 条形码 | 馆藏地/架位号 | 状态 | 备注 |
| 1 | 2000874602 | 2000874602 | 第二书库/ [索取号:R454.3/5] | 在馆 | |
| 2 | 2000874603 | 2000874603 | 第二书库/ [索取号:R454.3/5] | 在馆 | |
| 3 | 2000874604 | 2000874604 | 第二书库/ [索取号:R454.3/5] | 在馆 |